|
|
|
|
| LEADER |
01011nam a2200253 a 4500 |
| 001 |
000487291 |
| 003 |
CZ BrMZK |
| 005 |
20140529105542.0 |
| 007 |
ta |
| 008 |
010907s1970 xr a 000 0 cze d |
| 015 |
|
|
|a cnb000428057
|
| 035 |
|
|
|a (OCoLC)42166705
|
| 040 |
|
|
|a BOA001
|b cze
|c BOA002
|
| 100 |
1 |
|
|a Hrbek, Rudolf,
|d 1909-1994
|7 jk01042710
|4 aut
|
| 245 |
1 |
0 |
|a Družina černého pera /
|c Rudolf Hrbek ; ilustrovala Alena Dostálová
|
| 250 |
|
|
|a 3. vyd.
|
| 260 |
|
|
|a Plzeň :
|b Západočeské nakladatelství,
|c 1970
|
| 300 |
|
|
|a 192 s.
|
| 700 |
1 |
|
|a Dostálová, Alena,
|d 1932-2011
|7 jk01022834
|4 ill
|
| 856 |
4 |
1 |
|u http://www.digitalniknihovna.cz/mzk/uuid/uuid:4b5def80-f089-11e3-b72e-005056827e52
|y Digitalizovaný dokument
|x NDK
|
| 910 |
|
|
|a BOA001
|b 2-0485.515-70
|b PK-0031.708-70
|
| 990 |
|
|
|a BK
|
| 996 |
6 |
|
|b 2619057112
|c 2-0485.515-70
|l MZK
|r Sklad / do 24 hodin
|n 0
|w 000487291
|u 000020
|a 1
|e BOA001
|j MZK50
|s P
|
| 996 |
7 |
|
|b 3119836113
|c PK-0031.708-70
|l MZK
|r Sklad / do 1 hodiny
|n 0
|w 000487291
|u 000010
|a 1
|e BOA001
|j MZK50
|s A
|